Kỹ thuật thụ tinh nhân tạo cho lợn ở Việt Nam
Sparad:
| Huvudupphovsman: | |
|---|---|
| Materialtyp: | Bok |
| Språk: | Undetermined |
| Publicerad: |
Hà Nội
Nông nghiệp
2006
|
| Ämnen: | |
| Taggar: |
Lägg till en tagg
Inga taggar, Lägg till första taggen!
|
| Thư viện lưu trữ: | Trung tâm Học liệu Trường Đại học Cần Thơ |
|---|
| LEADER | 00650nam a2200205Ia 4500 | ||
|---|---|---|---|
| 001 | CTU_128852 | ||
| 008 | 210402s9999 xx 000 0 und d | ||
| 020 | |c 28000 | ||
| 082 | |a 636.08245 | ||
| 082 | |b Th305 | ||
| 100 | |a Nguyễn, Thiện | ||
| 245 | 0 | |a Kỹ thuật thụ tinh nhân tạo cho lợn ở Việt Nam | |
| 245 | 0 | |c Nguyễn Thiện, Nguyễn Tấn Anh, Đỗ Hữu Hoan | |
| 260 | |a Hà Nội | ||
| 260 | |b Nông nghiệp | ||
| 260 | |c 2006 | ||
| 650 | |a Swine,Animal breeding | ||
| 650 | |x Artificial insemination | ||
| 904 | |i Tuyến | ||
| 980 | |a Trung tâm Học liệu Trường Đại học Cần Thơ | ||